00317nam a2200109Ia 4500008004100000041000800041082001200049100001700061245006800078260004200146300001900188241028s9999 xx 000 0 und d aeng a920 AUR aAurobindoSri aAutobiographical Notes and Other Writing of Historical Interest bSri Aurobindo AshramaNew Dehlic2015 a612;. P. 22 Cm